Józef Hofmann

Titel: Józef Hofmann : pianista, kompozytor, wynalazca / Krystyna Juszyńska
Verfasser:
Veröffentlicht: Warszawa : Chopin University Press, 2023
Umfang: 747 Seiten : Illustrationen, Notenbeispiele ; 25 cm
Format: Buch
Sprache: Polnisch
Schlagworte:
ISBN: 9788365990501
Buchumschlag
X
alg: 52082657
001A    $03004:22-08-24 
001B    $03004:22-10-24 $t17:11:13.000 
001D    $03004:22-08-24 
001U    $0utf8 
001X    $00 
002@    $0Aau 
002C    $aText $btxt $2rdacontent 
002D    $aohne Hilfsmittel zu benutzen $bn $2rdamedia 
002E    $aBand $bnc $2rdacarrier 
003@    $0520826574 
003O    $01451461883 $aOCoLC 
004A    $A978-83-65990-50-1 
006C    $01443592332 $aOCoLC 
007A    $0BV049737316 $aBVB 
010@    $apol 
010E    $erda 
011@    $a2023 $n2023 
013D    $RBiograf $RLebenslauf $RBiografik $#Biographies $#Biography $#Biographies -- Histoire et critique $#Biographie $#Biographisches Nachschlagewerk $#Lebensbeschreibung $#Berühmte Persönlichkeit Biografie $#Biografisches Nachschlagewerk $74006804-3 $8Biografie [Ts1] $9085010375 
021A    $aJózef Hofmann $dpianista, kompozytor, wynalazca $hKrystyna Juszyńska 
028A    $BVerfasser $4aut $8Juszyńska, Krystyna$Z1953- [Tp3] $9456641084 
033A    $pWarszawa $nChopin University Press 
034D    $a747 Seiten 
034I    $a25 cm 
034M    $aIllustrationen, Notenbeispiele 
044A    $aHofmann, Józef / (1876-1957) / biografie $S14 $N600 
044A    $aHofmann, Józef / (1876-1957) $2dbn $S17 $N600 
044A    $aKompozytorzy polscy $2dbn $S#7 $N650 
044A    $aPianiści polscy $2dbn $S#7 $N650 
044A    $aPedagodzy $2dbn $S#7 $N650 
044A    $aWynalazcy i odkrywcy $2dbn $S#7 $N650 
044K    $qBVB $#Hofmann, Josef $#Hofman, Józef $#Hofmann, Jozef $#Dvorsky, Michel $#Hofmann, Joseph $#Hofmann, Józef Kazimierz $#Hofmann, Josef Casimir $#Hoffmann, Josef $#Gofman, Josif $#Hofmann, Józef $711918625X $8Hofmann, Josef$Z1876-1957 [Tp1] $9087526263 
045F    $a780.943809034 $eDDC23BSB 
045F/01 $a780.9 
045F/03 $f09034 
045F/03 $f0904 
045F/03 $g438 
045F/03 $g73 
045T    $aMUS $qDE-12 $2FID 
046L    $aZusammenfassung in englischer Sprache 

lok: 52082657 24

exp: 52082657 24 1 #EPN
201B/01 $022-10-24 $t17:11:13.000 
201C/01 $022-08-24 
201U/01 $0utf8 
203@/01 $0126922610X 
208@/01 $a22-10-24 $bz 
209A/01 $aMus 5584 $du $f050 $hMus 5584 $x00 
209C/01 $a24.06138 K $h24 06138 K 
209G/01 $a74937152 $x00 
220C/01 $ahae / sbl 
247C/01 $8358050-7 Marburg, Bibliothek des Herder-Instituts Marburg $9102600961
LEADER 00000cam a2200000 c 4500
001 520826574
003 DE-603
005 20241022171113.0
007 tu
008 240822s2023 xx |||| | u00||u|pol c
020 |a 9788365990501 
035 |a (DE-599)BVBBV049737316 
035 |a (OCoLC)1451461883 
040 |a DE-603  |b ger  |c DE-603  |d DE-603  |e rda 
041 |a pol 
082 0 4 |8 1\u  |a 780.943809034  |q DE-101  |2 23/BSB 
084 |a MUS  |q DE-12  |2 fid 
085 |8 1\u  |b 780.9 
085 |8 1\u  |z 1  |s 09034 
085 |8 1\u  |z 1  |s 0904 
085 |8 1\u  |z 2  |s 438 
085 |8 1\u  |z 2  |s 73 
100 1 |a Juszyńska, Krystyna  |d 1953-  |e Verfasser  |4 aut  |0 (DE-603)456641084  |0 (DE-588)1201308720  |2 gnd 
245 0 0 |a Józef Hofmann  |b pianista, kompozytor, wynalazca  |c Krystyna Juszyńska 
264 1 |a Warszawa  |b Chopin University Press  |c 2023 
300 |a 747 Seiten  |b Illustrationen, Notenbeispiele  |c 25 cm 
336 |a Text  |b txt  |2 rdacontent 
337 |a ohne Hilfsmittel zu benutzen  |b n  |2 rdamedia 
338 |a Band  |b nc  |2 rdacarrier 
546 |a Zusammenfassung in englischer Sprache 
600 1 7 |a Hofmann, Josef  |d 1876-1957  |0 (DE-588)11918625X  |0 (DE-603)087526263  |2 gnd 
655 7 |a Biografie  |2 gnd-content  |0 (DE-588)4006804-3  |0 (DE-603)085010375 
924 0 |9 Mb 50  |a (DE-603)126922610X  |b DE-Mb50  |c HES  |d c  |g Mus 5584